|
|
|
|
| LEADER |
00000nam a2200000 a 4500 |
| 001 |
vtls001394211 |
| 003 |
SK-MaSNL |
| 005 |
20260302001020.0 |
| 008 |
240226s1997 xo p r y slo |
| 015 |
|
|
|a SNBA2000/10-03630
|
| 020 |
|
|
|a 8071390356
|
| 035 |
|
|
|a SNK000348535
|
| 035 |
|
|
|a urn:nbn:sk:snk-amkll5
|
| 035 |
|
|
|a urn:nbn:sk:snk-am003vjn
|
| 035 |
|
|
|a 33722D0F-5D33-48C7-B92D-86FBCEC9B037
|
| 040 |
|
|
|a SNK
|b slo
|c SNK
|e AACR2
|
| 041 |
0 |
|
|a slo
|
| 044 |
|
|
|a xo
|c SK
|
| 080 |
|
|
|a 637.1(082)
|2 1981
|
| 245 |
0 |
0 |
|a Nové podmienky speňažovania mlieka v roku 1997
|b zborník z odborného seminára [konaného v mesiacoch december 1996 až január 1997]
|c [spracoval: Miloslav Piktor]
|
| 260 |
|
|
|a Nitra
|b Agroinštitút
|c [1997]
|
| 300 |
|
|
|a 115 s.
|b sch., tab.
|c 21 cm
|
| 500 |
|
|
|a 1000 výt.
|
| 650 |
0 |
7 |
|a mlieko
|2 SNKPH
|9 3942
|
| 650 |
0 |
7 |
|a produkcia
|2 SNKPH
|9 380689
|
| 650 |
0 |
7 |
|a kvalita
|2 SNKPH
|9 1150
|
| 655 |
|
7 |
|a zbierky
|2 SNKPH
|9 70533
|
| 655 |
|
7 |
|a zborníky
|2 SNKPH
|9 70165
|
| 700 |
1 |
|
|a Piktor, Miloslav
|4 com
|9 46304
|
| 919 |
|
|
|a 80-7139-035-6
|
| 958 |
|
|
|a TL
|
| 958 |
|
|
|a OND
|
| 999 |
|
|
|c 982115
|d 984045
|
| 952 |
|
|
|t P60, <03>, [BOOK], {603}
|a SNK
|b SNK
|y PREZ
|7 0
|p 17A0247730
|o snkSC 102446/1997
|i snkKSP 8237/2000
|0 0
|1 0
|4 0
|d 2000-08-10
|f 1
|l 0
|r 2025-09-24 00:00:00
|w 2026-02-24
|
| 952 |
|
|
|t P60, <04>, [BOOK], {604}
|a SNK
|b SNK
|y VYP
|7 0
|p 17A0247731
|o snkSC 102446/1997 D1
|i snkKSP 8238/2000
|0 0
|1 0
|4 0
|d 2000-08-10
|l 0
|r 2005-01-02 00:00:00
|w 2026-02-24
|